<?xml version="1.0" encoding="UTF-8"?>
<marc:record xmlns:marc="http://www.loc.gov/MARC21/slim">
   <marc:leader>00000nam a2200000 a 4500</marc:leader>
   <marc:datafield ind1="1" ind2=" " tag="100">
      <marc:subfield code="a">Borbein, Volker</marc:subfield>
      <marc:subfield code="4">ctb</marc:subfield>
      <marc:subfield code="e">Mitwirkende/-r</marc:subfield>
   </marc:datafield>
   <marc:datafield ind1="1" ind2=" " tag="100">
      <marc:subfield code="a">Lohéac-Wieders, Marie-Claire</marc:subfield>
      <marc:subfield code="4">ctb</marc:subfield>
      <marc:subfield code="e">Mitwirkende/-r</marc:subfield>
   </marc:datafield>
   <marc:datafield ind1="0" ind2="0" tag="245">
      <marc:subfield code="a">Tödliches Testament</marc:subfield>
   </marc:datafield>
   <marc:datafield ind1="0" ind2="0" tag="245">
      <marc:subfield code="b">DaF-Lernkrimi A2/B1</marc:subfield>
   </marc:datafield>
   <marc:datafield ind1="0" ind2="0" tag="245">
      <marc:subfield code="c">von Volker Borbein ...</marc:subfield>
   </marc:datafield>
   <marc:datafield ind1=" " ind2="1" tag="264">
      <marc:subfield code="a">Berlin</marc:subfield>
      <marc:subfield code="b">Cornelsen</marc:subfield>
      <marc:subfield code="c">2011</marc:subfield>
   </marc:datafield>
   <marc:datafield ind1="1" ind2=" " tag="520">
      <marc:subfield code="a">Angaben aus der Verlagsmeldung

Lextra - Deutsch als Fremdsprache - DaF-Lernkrimis A2/B1: Ein Fall für Patrick Reich Lextra - Deutsch als Fremdsprache - DaF-Lernkrimis A2/B1: Ein Fall für Patrick Reich / Tödliches Testament : Krimi-Lektüre mit Hörbuch / von Volker Borbein, Marie-Claire Lohéac-Wieders

Im Mittelpunkt dieser kurzweiligen Krimis für Leser/innen mit Deutsch-Vorkenntnissen steht Privatdetektiv Patrick Reich, der "Mann für alle Fälle". Er sieht gut aus, ist dynamisch, sportlich, trägt gerne eine rote Fliege und versucht, sich mit Hilfe seiner Freundin Constanze das Rauchen abzugewöhnen. Beim Joggen sprechen sie über seine Arbeit und lösen so manchen kniffligen Fall. Von seinem Büro aus hat Patrick einen herrlichen Blick über die
documenta-
Stadt Kassel, Ausgangspunkt seiner "Fälle".

Gelegentlich erhält der Privatdetektiv Unterstützung durch seinen Freund, den Kriminalhauptkommissar Richard.

Illustriert von Detlef Surrey und mit vielen Worterklärungen, landeskundlichen Informationen, interessanten Internetadressen, Rätseln und Aufgaben. Der komplette Text liegt jedem Band als Hörbuch auf CD bei.

Wo ist Cornelia Sonnenschein? Sie wollte ihr Testament machen, doch jetzt ist sie spurlos verschwunden. Ihre Familie ist in großer Sorge - Privatdetektiv Reich macht sich auf die Suche.
</marc:subfield>
   </marc:datafield>
   <marc:datafield ind1=" " ind2=" " tag="020">
      <marc:subfield code="a">9783589015160</marc:subfield>
      <marc:subfield code="9">9783589015160</marc:subfield>
   </marc:datafield>
   <marc:datafield ind1=" " ind2=" " tag="020">
      <marc:subfield code="a">3589015160</marc:subfield>
      <marc:subfield code="9">3589015160</marc:subfield>
   </marc:datafield>
   <marc:datafield ind1=" " ind2=" " tag="041">
      <marc:subfield code="a">ger</marc:subfield>
   </marc:datafield>
   <marc:datafield ind1=" " ind2=" " tag="300">
      <marc:subfield code="a">48 S.</marc:subfield>
   </marc:datafield>
</marc:record>
